[Event "DEM U14 2025"]
[Site "Willingen GER"]
[Date "2025.06.14"]
[Round "9"]
[White "Sydykov, Bayastan"]
[Black "Böhler, Yannic"]
[Result "1-0"]
[Termination "normal"]
[Board "5"]
[WhiteTitle "FM"]
[WhiteElo "2301"]
[BlackElo "1711"]
[WhiteClock "00:02:18"]
[BlackClock "00:01:17"]
[PlyCount "85"]
[WhiteFideId "13829610"]
[BlackFideId "34609059"]
[EventCountry "GER"]
[EventRounds "9"]
[EventType "swiss"]
[EventDate "2025.06.07"]

1. e4 {[%clk 01:30:55]} {[%emt 00:00:05]} c5 {[%clk 01:30:57]} {[%emt
00:00:03]} 2. Nf3 {[%clk 01:31:16]} {[%emt 00:00:09]} d6 {[%clk 01:31:26]}
{[%emt 00:00:01]} 3. Bb5+ {[%clk 01:31:13]} {[%emt 00:00:33]} Bd7 {[%clk
01:31:54]} {[%emt 00:00:02]} 4. c4 {[%clk 01:31:19]} {[%emt 00:00:24]} Nf6
{[%clk 01:32:21]} {[%emt 00:00:03]} 5. Nc3 {[%clk 01:31:33]} {[%emt 00:00:16]}
g6 {[%clk 01:32:49]} {[%emt 00:00:02]} 6. d4 {[%clk 01:30:58]} {[%emt
00:01:06]} cxd4 {[%clk 01:33:14]} {[%emt 00:00:05]} 7. Bxd7+ {[%clk 01:31:10]}
{[%emt 00:00:18]} Nbxd7 {[%clk 01:33:38]} {[%emt 00:00:06]} 8. Qxd4 {[%clk
01:30:11]} {[%emt 00:01:29]} Bg7 {[%clk 01:33:29]} {[%emt 00:00:38]} 9. O-O
{[%clk 01:29:30]} {[%emt 00:01:11]} O-O {[%clk 01:33:55]} {[%emt 00:00:04]} 10.
Qd3 {[%clk 01:29:40]} {[%emt 00:00:20]} a6 {[%clk 01:34:01]} {[%emt 00:00:25]}
11. a4 {[%clk 01:16:58]} {[%emt 00:13:11]} Qa5 {[%clk 01:30:52]} {[%emt
00:03:39]} 12. Rb1 {[%clk 00:59:44]} {[%emt 00:17:44]} Rac8 {[%clk 01:25:11]}
{[%emt 00:06:10]} 13. Bd2 {[%clk 00:57:51]} {[%emt 00:02:24]} Qh5 {[%clk
01:25:21]} {[%emt 00:00:20]} 14. b3 {[%clk 00:53:15]} {[%emt 00:05:06]} Rfe8
{[%clk 01:15:56]} {[%emt 00:09:54]} 15. Rfe1 {[%clk 00:42:10]} {[%emt
00:11:36]} h6 {[%clk 01:12:40]} {[%emt 00:03:45]} 16. h3 {[%clk 00:33:47]}
{[%emt 00:08:54]} Rcd8 {[%clk 00:42:55]} {[%emt 00:30:15]} 17. Bf4 {[%clk
00:26:30]} {[%emt 00:07:47]} g5 {[%clk 00:37:33]} {[%emt 00:05:51]} 18. Bg3
{[%clk 00:25:27]} {[%emt 00:01:33]} g4 {[%clk 00:36:18]} {[%emt 00:01:45]} 19.
hxg4 {[%clk 00:25:23]} {[%emt 00:00:35]} Nxg4 {[%clk 00:36:46]} {[%emt
00:00:02]} 20. Nd5 {[%clk 00:24:15]} {[%emt 00:01:38]} Nde5 {[%clk 00:34:44]}
{[%emt 00:02:31]} 21. Qe2 {[%clk 00:20:59]} {[%emt 00:03:47]} Nxf3+ {[%clk
00:33:15]} {[%emt 00:01:58]} 22. Qxf3 {[%clk 00:20:32]} {[%emt 00:00:58]} Bd4
{[%clk 00:27:40]} {[%emt 00:06:04]} 23. Rbd1 {[%clk 00:19:49]} {[%emt
00:01:14]} Ba7 {[%clk 00:27:17]} {[%emt 00:00:53]} 24. Nf4 {[%clk 00:16:53]}
{[%emt 00:03:26]} Qg5 {[%clk 00:27:36]} {[%emt 00:00:10]} 25. Nh3 {[%clk
00:15:43]} {[%emt 00:01:41]} Qg6 {[%clk 00:23:44]} {[%emt 00:04:21]} 26. Rd5
{[%clk 00:14:44]} {[%emt 00:01:30]} Kh7 {[%clk 00:15:35]} {[%emt 00:08:38]} 27.
Red1 {[%clk 00:06:24]} {[%emt 00:08:51]} Rc8 {[%clk 00:12:04]} {[%emt
00:04:01]} 28. Rf5 {[%clk 00:01:34]} {[%emt 00:05:20]} Rf8 {[%clk 00:08:22]}
{[%emt 00:04:11]} 29. Kh1 {[%clk 00:01:02]} {[%emt 00:01:02]} e6 {[%clk
00:07:33]} {[%emt 00:01:19]} 30. Rf4 {[%clk 00:01:00]} {[%emt 00:00:33]} Ne5
{[%clk 00:05:01]} {[%emt 00:03:01]} 31. Qe2 {[%clk 00:01:06]} {[%emt 00:00:25]}
Bb8 {[%clk 00:03:17]} {[%emt 00:02:14]} 32. Rh4 {[%clk 00:01:10]} {[%emt
00:00:25]} Rg8 {[%clk 00:03:17]} {[%emt 00:00:30]} 33. Rg1 {[%clk 00:00:42]}
{[%emt 00:00:58]} Qf6 {[%clk 00:01:36]} {[%emt 00:02:11]} 34. Rh5 {[%clk
00:00:38]} {[%emt 00:00:35]} Rg6 {[%clk 00:01:11]} {[%emt 00:00:54]} 35. Bh4
{[%clk 00:00:47]} {[%emt 00:00:21]} Qg7 {[%clk 00:00:46]} {[%emt 00:00:55]} 36.
f4 {[%clk 00:00:47]} {[%emt 00:00:30]} Nd7 {[%clk 00:00:44]} {[%emt 00:00:33]}
37. f5 {[%clk 00:00:51]} {[%emt 00:00:25]} Rg4 {[%clk 00:00:43]} {[%emt
00:00:31]} 38. Bg5 {[%clk 00:00:39]} {[%emt 00:00:43]} Rxg5 {[%clk 00:00:46]}
{[%emt 00:00:26]} 39. Nxg5+ {[%clk 00:01:03]} {[%emt 00:00:07]} Qxg5 {[%clk
00:00:32]} {[%emt 00:00:44]} 40. Rxg5 {[%clk 00:01:27]} {[%emt 00:00:06]} hxg5
{[%clk 00:00:59]} {[%emt 00:00:03]} 41. Qh5+ {[%clk 00:01:48]} {[%emt
00:00:09]} Kg7 {[%clk 00:01:06]} {[%emt 00:00:22]} 42. Qxg5+ {[%clk 00:02:05]}
{[%emt 00:00:14]} Kh7 {[%clk 00:01:17]} {[%emt 00:00:18]} 43. f6 {[%clk
00:02:18]} {[%emt 00:00:18]} 1-0

[Event "DEM U14 2025"]
[Site "Willingen GER"]
[Date "2025.06.14"]
[Round "9"]
[White "Vranckx, Oscar"]
[Black "Polzin, Gustav"]
[Result "0-1"]
[Termination "normal"]
[Board "6"]
[WhiteElo "2018"]
[BlackElo "2075"]
[WhiteClock "00:45:25"]
[BlackClock "00:05:50"]
[PlyCount "115"]
[WhiteFideId "34608788"]
[BlackFideId "34603280"]
[EventCountry "GER"]
[EventRounds "9"]
[EventType "swiss"]
[EventDate "2025.06.07"]

1. e4 {[%clk 01:30:59]} c5 {[%clk 01:30:55]} {[%emt 00:00:06]} 2. Nf3 {[%clk
01:31:20]} {[%emt 00:00:09]} a6 {[%clk 01:31:21]} {[%emt 00:00:03]} 3. c4
{[%clk 01:31:31]} {[%emt 00:00:19]} Nc6 {[%clk 01:31:23]} {[%emt 00:00:29]} 4.
d4 {[%clk 01:31:35]} {[%emt 00:00:24]} cxd4 {[%clk 01:31:50]} {[%emt 00:00:04]}
5. Nxd4 {[%clk 01:32:01]} {[%emt 00:00:05]} e5 {[%clk 01:32:14]} {[%emt
00:00:05]} 6. Nf5 {[%clk 01:32:19]} {[%emt 00:00:12]} d5 {[%clk 01:32:40]}
{[%emt 00:00:04]} 7. cxd5 {[%clk 01:29:01]} {[%emt 00:03:49]} Bxf5 {[%clk
01:32:05]} {[%emt 00:01:05]} 8. exf5 {[%clk 01:29:25]} {[%emt 00:00:06]} Nd4
{[%clk 01:32:32]} {[%emt 00:00:03]} 9. Nc3 {[%clk 01:29:26]} {[%emt 00:00:29]}
Nf6 {[%clk 01:32:57]} {[%emt 00:00:04]} 10. Be3 {[%clk 01:28:32]} {[%emt
00:01:24]} Bd6 {[%clk 01:08:10]} {[%emt 00:25:17]} 11. Bxd4 {[%clk 01:24:13]}
{[%emt 00:04:49]} exd4 {[%clk 01:08:39]} {[%emt 00:00:02]} 12. Qxd4 {[%clk
01:24:26]} {[%emt 00:00:16]} O-O {[%clk 01:08:26]} {[%emt 00:00:43]} 13. O-O-O
{[%clk 01:20:53]} {[%emt 00:04:03]} Rc8 {[%clk 01:04:59]} {[%emt 00:03:58]} 14.
Kb1 {[%clk 01:21:07]} {[%emt 00:00:15]} Re8 {[%clk 01:05:10]} {[%emt 00:00:19]}
15. f4 {[%clk 01:18:17]} {[%emt 00:03:20]} Ng4 {[%clk 01:03:29]} {[%emt
00:02:12]} 16. Bd3 {[%clk 01:08:42]} {[%emt 00:10:04]} Bc5 {[%clk 01:01:10]}
{[%emt 00:02:49]} 17. Qa4 {[%clk 01:08:31]} {[%emt 00:00:42]} Nf2 {[%clk
01:01:13]} {[%emt 00:00:26]} 18. Rhf1 {[%clk 01:08:47]} {[%emt 00:00:14]} Nxd1
{[%clk 01:00:54]} {[%emt 00:00:49]} 19. Rxd1 {[%clk 01:09:11]} {[%emt
00:00:06]} b5 {[%clk 00:50:50]} {[%emt 00:10:35]} 20. Qb3 {[%clk 00:58:30]}
{[%emt 00:11:10]} Qc7 {[%clk 00:37:04]} {[%emt 00:14:16]} 21. f6 {[%clk
00:57:34]} {[%emt 00:01:26]} g6 {[%clk 00:28:41]} {[%emt 00:08:52]} 22. f5
{[%clk 00:57:13]} {[%emt 00:00:52]} b4 {[%clk 00:26:57]} {[%emt 00:02:15]} 23.
Ne4 {[%clk 00:55:04]} {[%emt 00:02:38]} Be3 {[%clk 00:27:19]} {[%emt 00:00:08]}
24. a4 {[%clk 00:55:14]} {[%emt 00:00:20]} bxa3 {[%clk 00:24:07]} {[%emt
00:03:42]} 25. Qxa3 {[%clk 00:55:19]} {[%emt 00:00:25]} Rb8 {[%clk 00:20:00]}
{[%emt 00:04:37]} 26. fxg6 {[%clk 00:53:12]} {[%emt 00:02:37]} hxg6 {[%clk
00:19:56]} {[%emt 00:00:34]} 27. Bc2 {[%clk 00:52:46]} {[%emt 00:00:56]} Rec8
{[%clk 00:17:49]} {[%emt 00:02:38]} 28. Qd3 {[%clk 00:49:23]} {[%emt 00:03:52]}
Bd4 {[%clk 00:15:02]} {[%emt 00:03:17]} 29. b3 {[%clk 00:48:26]} {[%emt
00:01:28]} Be5 {[%clk 00:15:09]} {[%emt 00:00:22]} 30. d6 {[%clk 00:45:02]}
{[%emt 00:03:53]} Qa5 {[%clk 00:15:21]} {[%emt 00:00:18]} 31. Kc1 {[%clk
00:45:28]} {[%emt 00:00:05]} Bc3 {[%clk 00:10:52]} {[%emt 00:04:59]} 32. Nxc3
{[%clk 00:45:34]} {[%emt 00:00:24]} Rxc3 {[%clk 00:09:49]} {[%emt 00:01:33]}
33. Qe4 {[%clk 00:45:35]} {[%emt 00:00:28]} Rbc8 {[%clk 00:09:18]} {[%emt
00:01:01]} 34. d7 {[%clk 00:45:38]} {[%emt 00:00:28]} Rxc2+ {[%clk 00:08:35]}
{[%emt 00:01:13]} 35. Qxc2 {[%clk 00:46:03]} {[%emt 00:00:05]} Rxc2+ {[%clk
00:09:00]} {[%emt 00:00:05]} 36. Kxc2 {[%clk 00:46:26]} {[%emt 00:00:08]} Qc7+
{[%clk 00:09:21]} {[%emt 00:00:08]} 37. Kb1 {[%clk 00:46:45]} {[%emt 00:00:11]}
Qd8 {[%clk 00:09:08]} {[%emt 00:00:43]} 38. g4 {[%clk 00:46:58]} {[%emt
00:00:17]} g5 {[%clk 00:08:57]} {[%emt 00:00:41]} 39. Rd5 {[%clk 00:47:20]}
{[%emt 00:00:08]} Kh7 {[%clk 00:09:14]} {[%emt 00:00:12]} 40. Rd6 {[%clk
00:47:02]} {[%emt 00:00:48]} Kh6 {[%clk 00:08:23]} {[%emt 00:01:20]} 41. b4
{[%clk 00:47:16]} {[%emt 00:00:17]} Kg6 {[%clk 00:08:45]} {[%emt 00:00:09]} 42.
Ka2 {[%clk 00:47:31]} {[%emt 00:00:14]} Kh6 {[%clk 00:08:28]} {[%emt 00:00:48]}
43. Kb3 {[%clk 00:47:01]} {[%emt 00:01:00]} Kg6 {[%clk 00:08:47]} {[%emt
00:00:11]} 44. h3 {[%clk 00:47:02]} {[%emt 00:00:28]} Kh6 {[%clk 00:09:11]}
{[%emt 00:00:06]} 45. Kc4 {[%clk 00:47:06]} {[%emt 00:00:27]} Kg6 {[%clk
00:09:36]} {[%emt 00:00:05]} 46. Kd5 {[%clk 00:47:14]} {[%emt 00:00:21]} Kh6
{[%clk 00:09:17]} {[%emt 00:00:49]} 47. Ke4 {[%clk 00:47:29]} {[%emt 00:00:15]}
Kg6 {[%clk 00:09:27]} {[%emt 00:00:21]} 48. Ke5 {[%clk 00:47:52]} {[%emt
00:00:07]} a5 {[%clk 00:07:51]} {[%emt 00:02:06]} 49. b5 {[%clk 00:45:37]}
{[%emt 00:02:45]} a4 {[%clk 00:07:57]} {[%emt 00:00:24]} 50. b6 {[%clk
00:45:02]} {[%emt 00:01:05]} a3 {[%clk 00:08:12]} {[%emt 00:00:15]} 51. b7
{[%clk 00:45:24]} {[%emt 00:00:09]} a2 {[%clk 00:04:08]} {[%emt 00:04:33]} 52.
Ra6 {[%clk 00:45:05]} {[%emt 00:00:48]} Qc7+ {[%clk 00:04:08]} {[%emt
00:00:31]} 53. Kd4 {[%clk 00:43:36]} {[%emt 00:01:59]} Qxd7+ {[%clk 00:04:26]}
{[%emt 00:00:12]} 54. Kc3 {[%clk 00:44:04]} {[%emt 00:00:02]} Qxb7 {[%clk
00:04:41]} {[%emt 00:00:15]} 55. Rxa2 {[%clk 00:44:30]} {[%emt 00:00:04]} Qf3+
{[%clk 00:05:05]} {[%emt 00:00:06]} 56. Kd4 {[%clk 00:44:41]} {[%emt 00:00:19]}
Qxh3 {[%clk 00:05:28]} {[%emt 00:00:06]} 57. Ra6 {[%clk 00:45:00]} {[%emt
00:00:12]} Qxg4+ {[%clk 00:05:50]} {[%emt 00:00:08]} 58. Ke5 {[%clk 00:45:25]}
{[%emt 00:00:05]} 0-1

[Event "DEM U14 2025"]
[Site "Willingen GER"]
[Date "2025.06.14"]
[Round "9"]
[White "Sepe, Giovanni Paolo"]
[Black "Ratushnyi, Viktor"]
[Result "0-1"]
[Termination "normal"]
[Board "7"]
[WhiteElo "2101"]
[BlackElo "2057"]
[WhiteClock "00:00:56"]
[BlackClock "00:08:20"]
[PlyCount "66"]
[WhiteFideId "34631909"]
[BlackFideId "34167293"]
[EventCountry "GER"]
[EventRounds "9"]
[EventType "swiss"]
[EventDate "2025.06.07"]

1. d4 {[%clk 01:30:57]} {[%emt 00:00:03]} Nf6 {[%clk 01:30:52]} {[%emt
00:00:07]} 2. c4 {[%clk 01:31:22]} {[%emt 00:00:06]} g6 {[%clk 01:30:19]}
{[%emt 00:01:03]} 3. Nc3 {[%clk 01:31:43]} {[%emt 00:00:09]} Bg7 {[%clk
01:30:42]} {[%emt 00:00:06]} 4. e4 {[%clk 01:31:47]} {[%emt 00:00:26]} d6
{[%clk 01:31:05]} {[%emt 00:00:08]} 5. h3 {[%clk 01:31:05]} {[%emt 00:01:11]}
O-O {[%clk 01:31:08]} {[%emt 00:00:26]} 6. Be3 {[%clk 01:31:30]} {[%emt
00:00:06]} e5 {[%clk 01:28:03]} {[%emt 00:03:35]} 7. d5 {[%clk 01:31:44]}
{[%emt 00:00:16]} a5 {[%clk 01:21:19]} {[%emt 00:07:15]} 8. g4 {[%clk
01:31:46]} {[%emt 00:00:28]} Na6 {[%clk 01:20:44]} {[%emt 00:01:05]} 9. Nge2
{[%clk 01:32:05]} {[%emt 00:00:11]} c6 {[%clk 01:13:02]} {[%emt 00:08:12]} 10.
Ng3 {[%clk 01:31:45]} {[%emt 00:00:50]} cxd5 {[%clk 01:09:13]} {[%emt
00:04:19]} 11. cxd5 {[%clk 01:32:04]} {[%emt 00:00:11]} Bd7 {[%clk 01:07:39]}
{[%emt 00:02:04]} 12. Bb5 {[%clk 01:16:46]} {[%emt 00:15:48]} Rc8 {[%clk
01:02:46]} {[%emt 00:05:23]} 13. g5 {[%clk 01:08:11]} {[%emt 00:09:05]} Ne8
{[%clk 01:02:26]} {[%emt 00:00:49]} 14. Bxd7 {[%clk 01:04:21]} {[%emt
00:04:20]} Qxd7 {[%clk 01:02:37]} {[%emt 00:00:20]} 15. Bb6 {[%clk 01:01:22]}
{[%emt 00:03:28]} f5 {[%clk 00:54:08]} {[%emt 00:08:59]} 16. Bxa5 {[%clk
00:44:25]} {[%emt 00:17:27]} b5 {[%clk 00:39:12]} {[%emt 00:15:26]} 17. a3
{[%clk 00:36:53]} {[%emt 00:08:02]} Rc4 {[%clk 00:35:34]} {[%emt 00:04:08]} 18.
b3 {[%clk 00:21:40]} {[%emt 00:15:43]} Rd4 {[%clk 00:34:17]} {[%emt 00:01:46]}
19. Qb1 {[%clk 00:17:18]} {[%emt 00:04:53]} Nc5 {[%clk 00:32:23]} {[%emt
00:02:25]} 20. Nce2 {[%clk 00:13:52]} {[%emt 00:03:56]} Nd3+ {[%clk 00:20:25]}
{[%emt 00:12:27]} 21. Kf1 {[%clk 00:13:34]} {[%emt 00:00:48]} fxe4 {[%clk
00:19:44]} {[%emt 00:01:12]} 22. Nxd4 {[%clk 00:07:55]} {[%emt 00:06:08]} Rxf2+
{[%clk 00:16:10]} {[%emt 00:04:04]} 23. Kg1 {[%clk 00:08:18]} {[%emt 00:00:07]}
exd4 {[%clk 00:15:16]} {[%emt 00:01:24]} 24. Nxe4 {[%clk 00:08:10]} {[%emt
00:00:38]} Rf3 {[%clk 00:14:45]} {[%emt 00:01:00]} 25. Ra2 {[%clk 00:02:31]}
{[%emt 00:06:11]} Qf5 {[%clk 00:14:02]} {[%emt 00:01:12]} 26. Re2 {[%clk
00:00:34]} {[%emt 00:02:28]} Nf4 {[%clk 00:09:03]} {[%emt 00:05:29]} 27. Re1
{[%clk 00:00:33]} {[%emt 00:00:31]} Nxh3+ {[%clk 00:08:16]} {[%emt 00:01:17]}
28. Rxh3 {[%clk 00:00:47]} {[%emt 00:00:15]} Qxh3 {[%clk 00:07:55]} {[%emt
00:00:51]} 29. Re2 {[%clk 00:00:35]} {[%emt 00:00:43]} d3 {[%clk 00:07:09]}
{[%emt 00:01:15]} 30. Rg2 {[%clk 00:00:41]} {[%emt 00:00:24]} Bd4+ {[%clk
00:07:23]} {[%emt 00:00:17]} 31. Nf2 {[%clk 00:01:04]} {[%emt 00:00:06]} Bxf2+
{[%clk 00:07:38]} {[%emt 00:00:15]} 32. Rxf2 {[%clk 00:00:55]} {[%emt
00:00:39]} Rg3+ {[%clk 00:07:56]} {[%emt 00:00:12]} 33. Rg2 {[%clk 00:00:56]}
{[%emt 00:00:30]} Qxg2# {[%clk 00:08:20]} {[%emt 00:00:05]} 0-1

[Event "DEM U14 2025"]
[Site "Willingen GER"]
[Date "2025.06.14"]
[Round "9"]
[White "Bundan, Edward"]
[Black "Zimmer, Tim"]
[Result "1-0"]
[Termination "normal"]
[Board "8"]
[WhiteElo "2038"]
[BlackElo "1866"]
[WhiteClock "00:43:16"]
[BlackClock "00:03:01"]
[PlyCount "65"]
[WhiteFideId "34603042"]
[BlackFideId "34603115"]
[EventCountry "GER"]
[EventRounds "9"]
[EventType "swiss"]
[EventDate "2025.06.07"]

1. d4 {[%clk 01:30:58]} {[%emt 00:00:01]} d5 {[%clk 01:30:53]} {[%emt
00:00:07]} 2. c4 {[%clk 01:31:23]} {[%emt 00:00:05]} e6 {[%clk 01:31:04]}
{[%emt 00:00:18]} 3. Nc3 {[%clk 01:31:41]} {[%emt 00:00:13]} Nf6 {[%clk
01:31:09]} {[%emt 00:00:25]} 4. cxd5 {[%clk 01:32:03]} {[%emt 00:00:09]} Nxd5
{[%clk 01:24:12]} {[%emt 00:07:27]} 5. e4 {[%clk 01:31:50]} {[%emt 00:00:43]}
Nf6 {[%clk 01:21:36]} {[%emt 00:03:02]} 6. Nf3 {[%clk 01:30:15]} {[%emt
00:02:09]} Be7 {[%clk 01:20:29]} {[%emt 00:01:35]} 7. Be2 {[%clk 01:28:38]}
{[%emt 00:02:08]} O-O {[%clk 01:18:51]} {[%emt 00:02:09]} 8. O-O {[%clk
01:28:14]} {[%emt 00:00:53]} b6 {[%clk 01:16:21]} {[%emt 00:03:00]} 9. h3
{[%clk 01:27:37]} {[%emt 00:01:08]} Bb7 {[%clk 01:14:39]} {[%emt 00:02:11]} 10.
Qc2 {[%clk 01:27:11]} {[%emt 00:00:55]} Nbd7 {[%clk 01:12:19]} {[%emt
00:02:50]} 11. Be3 {[%clk 01:26:38]} {[%emt 00:01:04]} Re8 {[%clk 01:06:39]}
{[%emt 00:06:10]} 12. Rfd1 {[%clk 01:26:45]} {[%emt 00:00:23]} Bf8 {[%clk
01:05:49]} {[%emt 00:01:20]} 13. Rac1 {[%clk 01:24:18]} {[%emt 00:02:57]} Rc8
{[%clk 01:03:38]} {[%emt 00:02:40]} 14. Qb1 {[%clk 01:21:29]} {[%emt 00:03:20]}
Bb4 {[%clk 00:59:40]} {[%emt 00:04:28]} 15. Bd3 {[%clk 01:21:04]} {[%emt
00:00:55]} h6 {[%clk 00:58:32]} {[%emt 00:01:38]} 16. a3 {[%clk 01:20:53]}
{[%emt 00:00:42]} Bxc3 {[%clk 00:58:13]} {[%emt 00:00:48]} 17. Rxc3 {[%clk
01:19:42]} {[%emt 00:01:42]} Qe7 {[%clk 00:55:57]} {[%emt 00:02:44]} 18. b4
{[%clk 01:19:03]} {[%emt 00:01:10]} c6 {[%clk 00:54:55]} {[%emt 00:01:32]} 19.
Rdc1 {[%clk 01:17:01]} {[%emt 00:02:32]} e5 {[%clk 00:50:14]} {[%emt 00:05:11]}
20. a4 {[%clk 01:09:20]} {[%emt 00:08:11]} exd4 {[%clk 00:45:36]} {[%emt
00:05:08]} 21. Nxd4 {[%clk 01:08:52]} {[%emt 00:00:59]} Ne5 {[%clk 00:44:42]}
{[%emt 00:01:23]} 22. Nf5 {[%clk 01:06:23]} {[%emt 00:02:58]} Qf8 {[%clk
00:43:46]} {[%emt 00:01:18]} 23. Bc2 {[%clk 01:05:16]} {[%emt 00:01:45]} Ba6
{[%clk 00:36:40]} {[%emt 00:07:36]} 24. a5 {[%clk 00:56:24]} {[%emt 00:09:23]}
Nc4 {[%clk 00:24:57]} {[%emt 00:12:12]} 25. Bd4 {[%clk 00:51:59]} {[%emt
00:04:55]} Nd2 {[%clk 00:20:42]} {[%emt 00:04:45]} 26. Qb2 {[%clk 00:49:52]}
{[%emt 00:02:37]} Ndxe4 {[%clk 00:09:30]} {[%emt 00:11:43]} 27. Bxe4 {[%clk
00:49:30]} {[%emt 00:00:52]} Rxe4 {[%clk 00:09:45]} {[%emt 00:00:15]} 28. Bxf6
{[%clk 00:49:05]} {[%emt 00:00:55]} Re2 {[%clk 00:08:49]} {[%emt 00:01:25]} 29.
Qa1 {[%clk 00:46:45]} {[%emt 00:02:50]} Qxb4 {[%clk 00:05:31]} {[%emt
00:03:48]} 30. Bxg7 {[%clk 00:45:58]} {[%emt 00:01:17]} Qf4 {[%clk 00:03:54]}
{[%emt 00:02:06]} 31. Rf3 {[%clk 00:45:52]} {[%emt 00:00:37]} Qc7 {[%clk
00:03:11]} {[%emt 00:01:06]} 32. Bxh6 {[%clk 00:45:44]} {[%emt 00:00:46]} Qe5
{[%clk 00:03:01]} {[%emt 00:00:37]} 33. Ne7+ {[%clk 00:43:16]} {[%emt
00:03:01]} 1-0